INLAND WATERWAY TRANSPORTATION (Record no. 543027)
[ view plain ]
| 000 -LEADER | |
|---|---|
| fixed length control field | 00456nam a22001457a 4500 |
| 082 ## - DEWEY DECIMAL CLASSIFICATION NUMBER | |
| Classification number | 386 |
| Author Mark | INL |
| -- | D |
| 110 ## - MAIN ENTRY--CORPORATE NAME | |
| Corporate name or jurisdiction name as entry element | NATIONAL RESEARCH COUNCIL |
| 9 (RLIN) | 37043 |
| 245 ## - TITLE STATEMENT | |
| Title | INLAND WATERWAY TRANSPORTATION |
| Remainder of title | INLAND WATERWAY TRANSPORTATION |
| 260 ## - PUBLICATION, DISTRIBUTION, ETC. | |
| Place of publication, distribution, etc. | WASHINGTON DC |
| Name of publisher, distributor, etc. | TRANSPORTATIONRESEARCH BOARD |
| Date of publication, distribution, etc. | 1975 |
| 300 ## - PHYSICAL DESCRIPTION | |
| Extent | 35P.: |
| Dimensions | 25CM |
| 526 ## - STUDY PROGRAM INFORMATION NOTE | |
| Program name | 0 |
| Interest level | 0 |
| Reading level | 0 |
| Title point value | 386_000000000000000_INL |
| 650 ## - SUBJECT ADDED ENTRY--TOPICAL TERM | |
| Topical term or geographic name entry element | NUST |
| 9 (RLIN) | 6342 |
| 710 ## - ADDED ENTRY--CORPORATE NAME | |
| Corporate name or jurisdiction name as entry element | NATIONAL RESEARCH COUNCIL |
| 9 (RLIN) | 37043 |
| 942 ## - ADDED ENTRY ELEMENTS (KOHA) | |
| Source of classification or shelving scheme | |
| Koha item type | Book |
| Withdrawn status | Lost status | Source of classification or shelving scheme | Damaged status | Not for loan | Permanent Location | Current Location | Date acquired | Total Checkouts | Full call number | Barcode | Date last seen | Price effective from | Koha item type |
|---|---|---|---|---|---|---|---|---|---|---|---|---|---|
| Military College of Engineering (MCE) | Military College of Engineering (MCE) | 02/28/2014 | 386 INL | MCE-42239 | 02/28/2014 | 02/28/2014 | Book |
